00481nam a2200145Ia 4500003000900000008004100009040001600050080001700066100002200083245013200105260003400237300001300271490003100284650002000315IN-BaIIA211028s9999 xx 000 0 eng d cIIA Library a514.742bWEA aWeatherburn, C. E 0aAdvanced vector analysisbwith applications to mathematical physicscC. E. Weatherburn  aLondonbG.Bell and Sonsc1949 av, 222p. aBell's mathematical series aVector analysis